Niekedy bol tlačiar remeselným šľachticom, zajtra budeme radi za remeselníkov

Vzdelávanie a príprava ľudských zdrojov pre vydavateľsko-tlačiarenský komplex v podmienkach stredoeurópskeho priestoru. Výsledky výskumu realizovaného SOŠ polygrafickou v Bratislave.

Enregistré dans:
Détails bibliographiques
Auteur principal: Šíp, Roman
Format: Chapitre de livre
Langue:slovaque
Sujets:
Tags: Ajouter un tag
Pas de tags, Soyez le premier à ajouter un tag!

MARC

LEADER 00000naa a2200000 4500
001 0228379
005 20240502073747.1
041 0 |a slo 
044 |a SK 
245 1 0 |a Niekedy bol tlačiar remeselným šľachticom, zajtra budeme radi za remeselníkov  |c Roman Šíp 
520 |a Vzdelávanie a príprava ľudských zdrojov pre vydavateľsko-tlačiarenský komplex v podmienkach stredoeurópskeho priestoru. Výsledky výskumu realizovaného SOŠ polygrafickou v Bratislave. 
610 2 0 |a priemysel polygrafický 
610 2 0 |a tlačiarne 
610 2 0 |a remeslá 
610 2 0 |a školy odborné 
100 1 |a Šíp, Roman